Visualizzazione normale
Vista MARC
- Dietrich, Alessandro,
di Personal Name
Records bibliografici associati: 1
001 - CONTROL NUMBER
- control field: 35772
003 - CONTROL NUMBER IDENTIFIER
- control field: IT-RoPau
005 - DATE AND TIME OF LATEST TRANSACTION
- control field: 20150814114540.0
008 - FIXED-LENGTH DATA ELEMENTS
- fixed length control field: 150814|| aca||aabn | a|a d
040 ## - CATALOGING SOURCE
- Original cataloging agency: IT-RoPau
- Transcribing agency: IT-RoPau
100 ## - HEADING--PERSONAL NAME
- Personal name: Dietrich, Alessandro,
- Dates associated with a name: 1916-1985.
670 ## - SOURCE DATA FOUND
- Source citation: Work cat.: (IT-RoPau)0: Dietrich, Alessandro, 1916-1985., Baracche :, 2007.